[Event "Excelsior March Rapid"]
[Site "Toronto CAN"]
[Date "2023.03.18"]
[Round "3.4"]
[White "Posthuma, Joshua"]
[Black "Sambuev, Bator"]
[Result "0-1"]
[WhiteElo "2373"]
[BlackElo "2503"]
[PlyCount "126"]
[EventDate "2023.03.18"]
[EventType "swiss (rapid)"]
[EventRounds "5"]
[EventCountry "CAN"]

1. d4 d5 2. c4 e6 3. Nf3 c6 4. Nbd2 f5 5. g3 Nf6 6. Bg2 Bd6 7. Ne5 O-O 8. Ndf3
b6 9. O-O Bb7 10. cxd5 cxd5 11. Bf4 Nh5 12. Bg5 Qe8 13. Rc1 h6 14. Bd2 Nc6 15.
Nxc6 Bxc6 16. Ne5 Bb5 17. b3 Rc8 18. a4 Rxc1 19. Bxc1 Ba6 20. Bd2 b5 21. a5 b4
22. Nd3 Bxd3 23. exd3 Nf6 24. Qe1 Qe7 25. Qa1 Rc8 26. Re1 Kf7 27. Re2 a6 28.
Qe1 Rc2 29. Qd1 Qc7 30. Qe1 Qd7 31. Bf3 Qc8 32. h4 h5 33. Kg2 g6 34. Bxb4 Rc1
35. Qd2 Bxb4 36. Qxb4 Qc7 37. Ra2 Ne8 38. Qb6 Rc6 39. Qxc7+ Rxc7 40. Bd1 Nd6
41. Kf3 Nb5 42. Ke3 Rc1 43. Bc2 Nc3 44. Rb2 Ra1 45. b4 Ke7 46. Bb3 Ra3 47. Bc2
Nb5 48. Bd1 Ra1 49. Bb3 Kd6 50. Bc2 Na7 51. Kf4 Ke7 52. Kg5 Kf7 53. Bb3 Ra3 54.
Bd1 Ra1 55. Bf3 Rc1 56. Kf4 Nb5 57. Ke3 Kf6 58. Be2 Ke7 59. Kd2 Ra1 60. Ke3 Kd7
61. Bf3 Ra3 62. Bd1 Nd6 63. Be2 Nc4+ 0-1

[Event "Excelsior March Rapid"]
[Site "Toronto CAN"]
[Date "2023.03.18"]
[Round "3.7"]
[White "Sanchez, Victor"]
[Black "Mao, Fengxi"]
[Result "1/2-1/2"]
[WhiteElo "2230"]
[BlackElo "2252"]
[PlyCount "79"]
[EventDate "2023.03.18"]
[EventType "swiss (rapid)"]
[EventRounds "5"]
[EventCountry "CAN"]

1. e4 b6 2. d4 Bb7 3. Bd3 e6 4. Nf3 c5 5. Qe2 cxd4 6. Nxd4 d6 7. O-O Nf6 8. Nc3
Nbd7 9. f4 a6 10. Bd2 Qc7 11. Kh1 Be7 12. Rae1 h5 13. e5 dxe5 14. fxe5 Ng4 15.
Bf4 g5 16. Bg3 Nc5 17. h3 O-O-O 18. Nb3 h4 19. Qxg4 hxg3 20. Rxf7 Rh4 21. Qxg3
g4 22. Ne4 gxh3 23. Nbxc5 hxg2+ 24. Kxg2 bxc5 25. Qxh4 Bxh4 26. Rxc7+ Kxc7 27.
Rh1 c4 28. Rxh4 cxd3 29. cxd3 Rxd3 30. Kf2 Bxe4 31. Rxe4 Kc6 32. Ke2 Rh3 33.
Kd2 Kc5 34. Re3 Rh2+ 35. Kc3 Rh4 36. a3 a5 37. b3 Rg4 38. Kd3 Kd5 39. Kc3 Kc5
40. Kd3 1/2-1/2

[Event "Excelsior March Rapid"]
[Site "Toronto CAN"]
[Date "2023.03.18"]
[Round "3.8"]
[White "Reprintsev, Alexander"]
[Black "Abbas, Sahir"]
[Result "1-0"]
[WhiteElo "2373"]
[BlackElo "1962"]
[PlyCount "59"]
[EventDate "2023.03.18"]
[EventType "swiss (rapid)"]
[EventRounds "5"]
[EventCountry "CAN"]

1. e4 c6 2. Nc3 d5 3. Nf3 Bg4 4. h3 Bxf3 5. Qxf3 Nf6 6. e5 Nfd7 7. Qg3 e6 8. f4
Qc7 9. b3 a6 10. Bb2 c5 11. O-O-O Nc6 12. h4 b5 13. h5 Ne7 14. Qh3 Qc6 15. Be2
Nf5 16. Nxd5 Nd4 17. Nc3 b4 18. Bg4 bxc3 19. dxc3 Nb5 20. Bf3 Qc8 21. f5 Nxe5
22. fxe6 f6 23. Bxa8 Qxa8 24. a4 Nd6 25. c4 Be7 26. Rhe1 Nc6 27. h6 g6 28. Bxf6
Bxf6 29. Rxd6 Be7 30. Qf3 1-0

[Event "Excelsior March Rapid"]
[Site "Toronto CAN"]
[Date "2023.03.18"]
[Round "4.1"]
[White "Sambuev, Bator"]
[Black "Nagy, Gabor"]
[Result "0-1"]
[WhiteElo "2503"]
[BlackElo "2597"]
[PlyCount "93"]
[EventDate "2023.03.18"]
[EventType "swiss (rapid)"]
[EventRounds "5"]
[EventCountry "CAN"]

1. Nf3 c5 2. c4 Nc6 3. Nc3 Nf6 4. e3 e6 5. d4 d5 6. a3 a6 7. dxc5 Bxc5 8. b4
Ba7 9. Ra2 Qe7 10. Rd2 dxc4 11. Bxc4 O-O 12. Bb2 b5 13. Bd3 Bb7 14. Ne4 Nxe4
15. Bxe4 Rfd8 16. Qc2 Rxd2 17. Bxh7+ Kh8 18. Nxd2 Rc8 19. Be4 Nxb4 20. Qb1 Nd5
21. Qa1 Nxe3 22. Bxg7+ Kg8 23. Bh6 Nf5 24. Bxf5 exf5+ 25. Kd1 f6 26. Re1 Be4
27. Qa2+ Kh7 28. f3 Bc2+ 29. Qxc2 Qxe1+ 30. Kxe1 Rxc2 31. Bf8 Be3 32. Nf1 f4
33. g3 fxg3 34. hxg3 Bc5 35. Bxc5 Rxc5 36. Kd2 a5 37. Kd3 Rc1 38. Ne3 Kg6 39.
Nc2 Rg1 40. g4 Kg5 41. Nd4 Rd1+ 42. Ke3 b4 43. axb4 axb4 44. Ne6+ Kh4 45. Nc5
Rc1 46. Nd3 b3 47. Kd4 0-1

[Event "Excelsior March Rapid"]
[Site "Toronto CAN"]
[Date "2023.03.18"]
[Round "4.5"]
[White "Jaferian, Koosha"]
[Black "Ning, Eric"]
[Result "0-1"]
[WhiteElo "2392"]
[BlackElo "2182"]
[PlyCount "134"]
[EventDate "2023.03.18"]
[EventType "swiss (rapid)"]
[EventRounds "5"]
[EventCountry "CAN"]

1. e4 c5 2. Nc3 Nc6 3. Bb5 g6 4. Bxc6 bxc6 5. d3 Bg7 6. f4 d6 7. Nf3 e6 8. O-O
Ne7 9. Bd2 O-O 10. Qe1 c4 11. d4 Ba6 12. Kh1 Rb8 13. Rb1 c5 14. dxc5 d5 15. Ne5
d4 16. Ne2 c3 17. Bc1 Bxe5 18. fxe5 d3 19. Nxc3 dxc2 20. Ra1 Bxf1 21. Qxf1 Nc6
22. Qe2 Nd4 23. Qf2 f6 24. Bh6 Rxb2 25. Rc1 Rf7 26. Qg3 fxe5 27. Qxe5 Qf6 28.
Qxf6 Rxf6 29. Bg5 Rf7 30. Be3 e5 31. h3 Kg7 32. Kh2 a5 33. Re1 Rc7 34. Bc1 Rb1
35. Na4 Ra1 36. Nb2 Rxa2 37. Nd3 Nb3 38. Be3 Ra1 39. Rxa1 Nxa1 40. Bc1 Nb3 41.
Bb2 Kg8 42. Bxe5 Rxc5 43. Nxc5 c1=Q 44. Nxb3 Qa3 45. Nd4 Qe3 46. Nf3 a4 47. Bd4
Qxe4 48. Kg3 a3 49. Kf2 a2 50. Ba1 Qb1 51. Bd4 a1=Q 52. Bxa1 Qxa1 53. Kg3 Kg7
54. Kf2 Kf6 55. Kg3 Qc3 56. Kf2 Kf5 57. Kg3 Qe3 58. Kh2 Kf4 59. Ng1 g5 60. Kh1
Kg3 61. Nf3 Qxf3 62. gxf3 Kxh3 63. Kg1 Kg3 64. Kh1 Kxf3 65. Kg1 g4 66. Kf1 g3
67. Kg1 g2 0-1

[Event "Excelsior March Rapid"]
[Site "Toronto CAN"]
[Date "2023.03.18"]
[Round "4.6"]
[White "Zhao, Jeffrey R"]
[Black "Posthuma, Joshua"]
[Result "0-1"]
[WhiteElo "2107"]
[BlackElo "2373"]
[PlyCount "48"]
[EventDate "2023.03.18"]
[EventType "swiss (rapid)"]
[EventRounds "5"]
[EventCountry "CAN"]

1. e4 c6 2. d4 d5 3. exd5 cxd5 4. c4 Nf6 5. Nc3 Nc6 6. Bg5 Qa5 7. Qd2 Be6 8.
Nge2 dxc4 9. Bxf6 exf6 10. g3 Bd5 11. Rg1 Bb4 12. Bh3 O-O 13. O-O-O Bf3 14. Kb1
Bxc3 15. bxc3 Bxe2 16. Qxe2 Qxc3 17. Qb2 Qf3 18. Bg2 Qf5+ 19. Ka1 Rad8 20. Rge1
Qa5 21. d5 Nb4 22. Qd2 c3 23. Qe2 c2 24. Rc1 Qxa2# 0-1

[Event "Excelsior March Rapid"]
[Site "Toronto CAN"]
[Date "2023.03.18"]
[Round "4.8"]
[White "Joseph, Jonath"]
[Black "Sanchez, Victor"]
[Result "1/2-1/2"]
[WhiteElo "1936"]
[BlackElo "2230"]
[PlyCount "122"]
[EventDate "2023.03.18"]
[EventType "swiss (rapid)"]
[EventRounds "5"]
[EventCountry "CAN"]

1. e4 c5 2. Nf3 d6 3. c3 Nf6 4. Be2 Nc6 5. d4 cxd4 6. cxd4 d5 7. e5 Ne4 8. Nc3
Nxc3 9. bxc3 Bf5 10. Qb3 Qd7 11. a4 e6 12. Ba3 Bxa3 13. Qxa3 Qe7 14. Qxe7+ Kxe7
15. Nh4 Bg6 16. Nxg6+ hxg6 17. O-O Na5 18. Rab1 b6 19. Rfc1 Rac8 20. Rc2 g5 21.
h3 f6 22. exf6+ gxf6 23. Re1 Kd6 24. Bg4 Rce8 25. Rce2 e5 26. Bf5 Re7 27. f3
Rhe8 28. Kf2 Rc7 29. Rc2 Ree7 30. g3 Rc4 31. Rd2 Rxa4 32. h4 gxh4 33. gxh4 Nc6
34. h5 exd4 35. cxd4 Rxe1 36. Kxe1 Nxd4 37. Bg4 Ne6 38. h6 Ng5 39. Rh2 Ra1+ 40.
Kf2 Ra2+ 41. Kg3 Rxh2 42. Kxh2 Nf7 43. h7 a5 44. Kg3 a4 45. Bf5 a3 46. Bb1 d4
47. Kf4 b5 48. Ba2 Nh8 49. Ke4 Kc5 50. f4 f5+ 51. Kd3 b4 52. Bb3 Ng6 53. Kd2
Kb5 54. Kd3 Nxf4+ 55. Kxd4 Ng6 56. Kd5 Ka5 57. Kc5 Nh8 58. Kd5 Ng6 59. Kc5 Nh8
60. Kd5 Ng6 61. Kc5 Nh8 1/2-1/2

[Event "Excelsior March Rapid"]
[Site "Toronto CAN"]
[Date "2023.03.18"]
[Round "5.3"]
[White "Hansen, Troy"]
[Black "Sambuev, Bator"]
[Result "0-1"]
[WhiteElo "1998"]
[BlackElo "2503"]
[PlyCount "94"]
[EventDate "2023.03.18"]
[EventType "swiss (rapid)"]
[EventRounds "5"]
[EventCountry "CAN"]

1. e4 e5 2. Nf3 Nc6 3. Bb5 a6 4. Ba4 d6 5. c3 f5 6. d3 fxe4 7. dxe4 Nf6 8. Bg5
Be7 9. Nbd2 O-O 10. O-O Nh5 11. Be3 Nf4 12. Bxf4 Rxf4 13. Qe2 Kh8 14. Rad1 Bg4
15. Qe3 Qf8 16. b4 Qf7 17. h3 Bh5 18. Bb3 Qg6 19. Bd5 Raf8 20. Kh2 Nd8 21. Rde1
c6 22. Bb3 Nf7 23. g3 Bxf3 24. Nxf3 Rxf3 25. Qxf3 Ng5 26. Qg4 Nf3+ 27. Kg2
Nxe1+ 28. Rxe1 Qf6 29. Qe2 Bd8 30. Qe3 h5 31. Bd1 Qf7 32. a4 Bg5 33. Qe2 g6 34.
h4 Bh6 35. a5 Kg7 36. Bc2 Qa2 37. Rd1 Rf6 38. Rd3 Qc4 39. f3 g5 40. Qd1 Qe6 41.
Bb3 Qe7 42. hxg5 Bxg5 43. Qh1 Rh6 44. Qh3 h4 45. gxh4 Bxh4 46. Kf1 Rg6 47. Ke2
Qg5 0-1

[Event "Excelsior March Rapid"]
[Site "Toronto CAN"]
[Date "2023.03.18"]
[Round "5.4"]
[White "Posthuma, Joshua"]
[Black "Zomorrodian, Eilia"]
[Result "0-1"]
[WhiteElo "2373"]
[BlackElo "2230"]
[PlyCount "111"]
[EventDate "2023.03.18"]
[EventType "swiss (rapid)"]
[EventRounds "5"]
[EventCountry "CAN"]

1. d4 Nf6 2. c4 g6 3. Nc3 Bg7 4. e4 O-O 5. Be3 d6 6. f3 Nc6 7. Nge2 a6 8. Qd2
Rb8 9. Rc1 Bd7 10. Nd1 e5 11. d5 Ne7 12. g3 Ne8 13. Bg2 c5 14. dxc6 bxc6 15.
O-O Be6 16. f4 exf4 17. Nxf4 Nc7 18. b3 c5 19. Nd5 Nc6 20. Bg5 f6 21. Bf4 Nd4
22. N1c3 Nxd5 23. exd5 Bf5 24. Rce1 Qd7 25. Ne4 Bxe4 26. Rxe4 Rbe8 27. Re6 g5
28. Rxe8 Rxe8 29. Be3 f5 30. Bxg5 Re2 31. Qd3 Qe8 32. Bh3 h6 33. Bf4 Qh5 34.
Bg2 Be5 35. Bxe5 dxe5 36. d6 e4 37. Qc3 Nf3+ 38. Rxf3 exf3 39. Qxf3 Qxf3 40.
Bxf3 Rd2 41. Bd5+ Kf8 42. a3 a5 43. Kf1 Rxh2 44. b4 cxb4 45. axb4 axb4 46. c5
Rc2 47. c6 b3 48. Bxb3 Rxc6 49. Be6 Rc5 50. g4 fxg4 51. Bxg4 Rc2 52. d7 Ke7 53.
Kg1 Rd2 54. Kf1 Kf6 55. Ke1 Rd4 56. Be6 0-1

[Event "Excelsior March Rapid"]
[Site "Toronto CAN"]
[Date "2023.03.18"]
[Round "5.5"]
[White "Ning, Eric"]
[Black "Dukic, Zachary"]
[Result "0-1"]
[WhiteElo "2182"]
[BlackElo "2373"]
[PlyCount "114"]
[EventDate "2023.03.18"]
[EventType "swiss (rapid)"]
[EventRounds "5"]
[EventCountry "CAN"]

1. d4 Nf6 2. c4 g6 3. f3 Nc6 4. Nc3 Bg7 5. e4 e5 6. d5 Nd4 7. Be3 O-O 8. Nge2
Nxe2 9. Bxe2 d6 10. O-O Nh5 11. Qd2 f5 12. c5 Nf4 13. Bc4 a6 14. Kh1 b5 15. Bb3
b4 16. Na4 a5 17. Bxf4 exf4 18. Qxf4 fxe4 19. Qxe4 Bf5 20. Qc4 Qg5 21. Bc2 Bc8
22. Qb3 Be5 23. cxd6 Bxd6 24. f4 Rxf4 25. Rxf4 Qxf4 26. g3 Qf2 27. Be4 Bh3 28.
Qf3 Rf8 29. Qxf2 Rxf2 30. Kg1 Rd2 31. Rc1 Kg7 32. Rc2 Rd1+ 33. Kf2 Kf6 34. Bf3
Ra1 35. b3 Bf5 36. Re2 Bb1 37. Re6+ Kf7 38. Be4 Rxa2+ 39. Kg1 Bxe4 40. Rxe4 Ra3
41. Re3 Rxa4 42. Rf3+ Ke7 43. bxa4 Be5 44. Kf2 Kd6 45. Rd3 Kc5 46. Ke3 Kc4 47.
Ke4 Bd6 48. h4 b3 49. g4 b2 50. Rd1 Kc3 51. Rh1 Kc2 52. Kd4 b1=Q 53. Rxb1 Kxb1
54. Kc4 Kc2 55. Kb5 Kd3 56. Kxa5 Kc4 57. Ka6 Kxd5 0-1

[Event "Excelsior March Rapid"]
[Site "Toronto CAN"]
[Date "2023.03.18"]
[Round "5.6"]
[White "Sanchez, Victor"]
[Black "Mikhalevski, Victor"]
[Result "0-1"]
[WhiteElo "2230"]
[BlackElo "2609"]
[PlyCount "60"]
[EventDate "2023.03.18"]
[EventType "swiss (rapid)"]
[EventRounds "5"]
[EventCountry "CAN"]

1. e4 c5 2. Nf3 d6 3. d4 cxd4 4. Nxd4 Nf6 5. Nc3 a6 6. Be3 e5 7. Nb3 Be7 8. Qd2
Be6 9. O-O-O Ng4 10. g3 Nxe3 11. Qxe3 O-O 12. f4 Nc6 13. Kb1 exf4 14. gxf4 Qc7
15. Rg1 Bf6 16. Nd5 Bxd5 17. Rxd5 a5 18. Rf5 Qe7 19. Qh3 a4 20. Bd3 g6 21. Nd2
Bg7 22. e5 dxe5 23. Rh5 exf4 24. Nf3 Qf6 25. Rb5 a3 26. Ng5 h6 27. Nxf7 Rxf7
28. Bxg6 Re7 29. c3 axb2 30. Bc2 f3 0-1

[Event "Excelsior March Rapid"]
[Site "Toronto CAN"]
[Date "2023.03.18"]
[Round "5.8"]
[White "Reprintsev, Alexander"]
[Black "Joseph, Jonath"]
[Result "1-0"]
[WhiteElo "2373"]
[BlackElo "1936"]
[PlyCount "53"]
[EventDate "2023.03.18"]
[EventType "swiss (rapid)"]
[EventRounds "5"]
[EventCountry "CAN"]

1. e4 e6 2. Nc3 d5 3. d4 Nf6 4. Bg5 Be7 5. e5 Nfd7 6. h4 h6 7. Bxe7 Qxe7 8. Qd2
a6 9. f4 c5 10. Nf3 Nc6 11. O-O-O b5 12. dxc5 Nxc5 13. Nd4 Bd7 14. Nxc6 Bxc6
15. Ne2 Ne4 16. Qe3 Rc8 17. Nd4 Bb7 18. Bd3 Qc5 19. g4 Qb4 20. f5 exf5 21. gxf5
O-O 22. Rhg1 Rc4 23. Qxh6 g6 24. Rxg6+ fxg6 25. Qxg6+ Kh8 26. Qh5+ Kg7 27. Rg1+
1-0

[Event "Excelsior March op"]
[Site "Toronto CAN"]
[Date "2023.03.10"]
[Round "1.1"]
[White "Struthers, Matthew"]
[Black "Mikhalevski, Victor"]
[Result "1/2-1/2"]
[WhiteElo "1973"]
[BlackElo "2519"]
[PlyCount "119"]
[EventDate "2023.03.19"]
[EventType "swiss"]
[EventRounds "5"]
[EventCountry "CAN"]

1. e4 c5 2. Nc3 Nc6 3. g3 g6 4. Bg2 Bg7 5. d3 Rb8 6. f4 b5 7. Nf3 d6 8. h3 e6
9. O-O Nge7 10. g4 b4 11. Ne2 f5 12. exf5 exf5 13. g5 Nd4 14. Nfxd4 cxd4 15. a3
b3 16. cxb3 Be6 17. b4 O-O 18. Ng3 Nd5 19. Bxd5 Bxd5 20. Bd2 Qb6 21. Rc1 Qb5
22. Be1 Rbc8 23. Rxc8 Rxc8 24. Rf2 Qc6 25. h4 h5 26. Kf1 Kf7 27. Kg1 Re8 28.
Nf1 Re6 29. Bd2 Re7 30. Qc1 Qxc1 31. Bxc1 Rc7 32. Bd2 Rc2 33. Be1 Rc1 34. Bd2
Rd1 35. b5 Bb3 36. Re2 Ba4 37. Bb4 Bf8 38. Rd2 Rc1 39. Kf2 Ke6 40. Ng3 Kd5 41.
Re2 Bxb5 42. b3 Rc8 43. Rd2 Be7 44. a4 Bd7 45. Ba5 Bf8 46. Ne2 Bg7 47. Ke1 a6
48. Kd1 Rb8 49. Nc1 Ke6 50. Re2+ Kf7 51. Bc7 Rb7 52. Bxd6 Be6 53. Kc2 Rd7 54.
Ba3 Rb7 55. Kb2 Bd7 56. Ka2 Rc7 57. Kb2 Rb7 58. Ka2 Rc7 59. Kb2 Rb7 60. Ka2
1/2-1/2

[Event "Excelsior March op"]
[Site "Toronto CAN"]
[Date "2023.03.10"]
[Round "1.3"]
[White "Sambuev, Bator"]
[Black "Chen, Richard"]
[Result "1-0"]
[WhiteElo "2434"]
[BlackElo "1820"]
[PlyCount "87"]
[EventDate "2023.03.19"]
[EventType "swiss"]
[EventRounds "5"]
[EventCountry "CAN"]

1. d4 Nf6 2. c4 e6 3. Nc3 Bb4 4. e3 O-O 5. Bd3 c5 6. Nf3 Nc6 7. O-O d5 8. a3
Bxc3 9. bxc3 cxd4 10. cxd4 dxc4 11. Bxc4 b6 12. Bb2 Bb7 13. Bd3 Rc8 14. e4 h6
15. Qe2 Ne7 16. Ne5 Nd7 17. Nc4 Nb8 18. Rfd1 Ng6 19. Qe3 b5 20. Nd2 a6 21. a4
Bc6 22. axb5 Bxb5 23. Bxb5 axb5 24. Ba3 Re8 25. e5 Nh4 26. Qe4 Nf5 27. Bc5 Nd7
28. Nb3 Nb6 29. Ra7 Qd5 30. Nd2 Qxe4 31. Nxe4 Na4 32. g4 Nxc5 33. dxc5 Nh4 34.
f4 Ng6 35. Nd6 Red8 36. Rda1 Rxc5 37. Nb7 Rdc8 38. Nxc5 Rxc5 39. Rd7 Nxf4 40.
Raa7 b4 41. Rxf7 Ne2+ 42. Kf2 Rxe5 43. Rxg7+ Kf8 44. Rh7 1-0

[Event "Excelsior March op"]
[Site "Toronto CAN"]
[Date "2023.03.10"]
[Round "1.5"]
[White "Kim, Noah"]
[Black "Reprintsev, Alexander"]
[Result "1/2-1/2"]
[WhiteElo "1748"]
[BlackElo "2279"]
[PlyCount "81"]
[EventDate "2023.03.19"]
[EventType "swiss"]
[EventRounds "5"]
[EventCountry "CAN"]

1. d4 d5 2. c4 e6 3. Nf3 Nf6 4. Nc3 c5 5. cxd5 Nxd5 6. e4 Nxc3 7. bxc3 cxd4 8.
cxd4 Bb4+ 9. Bd2 Bxd2+ 10. Qxd2 O-O 11. Bc4 Nc6 12. O-O Qa5 13. Qe3 b5 14. Bb3
Qb6 15. d5 Qxe3 16. fxe3 Na5 17. Nd4 Bd7 18. dxe6 Nxb3 19. axb3 Bxe6 20. Ra5 b4
21. Rc1 Rfc8 22. Rxc8+ Bxc8 23. Nb5 a6 24. Nc7 Rb8 25. Nd5 Kf8 26. Kf2 Ke8 27.
Nc7+ Ke7 28. Nxa6 Rb6 29. Nc7 Rf6+ 30. Ke1 Rh6 31. Nd5+ Kd6 32. h3 Re6 33. Nxb4
Rxe4 34. Nc2 Be6 35. Ra3 Re5 36. Ke2 Rg5 37. Kf2 Bd5 38. Ne1 Rf5+ 39. Ke2 Rg5
40. Kf2 Rf5+ 41. Ke2 1/2-1/2

[Event "Excelsior March op"]
[Site "Toronto CAN"]
[Date "2023.03.10"]
[Round "1.6"]
[White "Dukic, Zachary"]
[Black "Oancea, Nicolae"]
[Result "1-0"]
[WhiteElo "2238"]
[BlackElo "1739"]
[PlyCount "70"]
[EventDate "2023.03.19"]
[EventType "swiss"]
[EventRounds "5"]
[EventCountry "CAN"]

1. e4 e6 2. d4 d5 3. Nc3 Bb4 4. e5 c5 5. a3 Bxc3+ 6. bxc3 c4 7. h4 Ne7 8. Ne2
Bd7 9. h5 Nbc6 10. h6 g6 11. Bg5 Qc7 12. Bf6 Rg8 13. Ng1 O-O-O 14. Nf3 g5 15.
Nxg5 Rxg5 16. Bxg5 Rg8 17. Bd2 Rg6 18. g4 f6 19. f4 fxe5 20. fxe5 Nd8 21. Be2
Rg8 22. Qc1 Nf7 23. Rf1 Be8 24. a4 Ng6 25. Rf6 Qd8 26. Qa3 Qb6 27. Be3 Ngxe5
28. a5 Qd8 29. dxe5 Nxe5 30. g5 Nc6 31. a6 b6 32. Rxe6 Bd7 33. Rf6 Re8 34. Bd2
Be6 35. Rxe6 Rxe6 1-0

[Event "Excelsior March op"]
[Site "Toronto CAN"]
[Date "2023.03.10"]
[Round "1.7"]
[White "Marchand, Calix"]
[Black "Plotkin, Victor"]
[Result "0-1"]
[WhiteElo "1708"]
[BlackElo "2176"]
[PlyCount "122"]
[EventDate "2023.03.19"]
[EventType "swiss"]
[EventRounds "5"]
[EventCountry "CAN"]

1. e4 e5 2. Nf3 Nf6 3. Nxe5 d6 4. Nf3 Nxe4 5. d4 d5 6. Bd3 Bd6 7. O-O O-O 8.
Re1 Re8 9. c4 c6 10. Nc3 Nxc3 11. bxc3 Rxe1+ 12. Qxe1 h6 13. Bd2 Be6 14. Qe2
Nd7 15. Re1 Qc7 16. h3 Re8 17. Qf1 Qc8 18. cxd5 cxd5 19. c4 dxc4 20. Bxc4 Bxc4
21. Rxe8+ Qxe8 22. Qxc4 Nb6 23. Qb3 Qe2 24. Qe3 Qb5 25. Qb3 Qc4 26. Qxc4 Nxc4
27. Kf1 f5 28. Ke2 Kf7 29. Kd3 b5 30. d5 Nxd2 31. Nxd2 Bc5 32. f3 Ke7 33. g4 g6
34. h4 Kd6 35. h5 gxh5 36. gxf5 Kxd5 37. Ne4 h4 38. f4 h3 39. Ng3 h2 40. Ke2 h5
41. Kf3 h4 42. Nh1 a5 43. f6 Ke6 44. Ke4 a4 45. f5+ Kxf6 46. Kd5 b4 47. Kc4
Kxf5 48. Kd3 Kf4 49. Kc4 Kf3 50. Kd3 Kg2 51. Ke2 b3 52. axb3 axb3 53. Kd3 Kxh1
54. Kc4 b2 55. Kd5 b1=Q 56. Kxc5 Qe4 57. Kb5 Qc2 58. Kb4 Kg2 59. Kb5 h1=Q 60.
Kb6 Qhb1+ 61. Ka7 Qca2# 0-1

[Event "Excelsior March op"]
[Site "Toronto CAN"]
[Date "2023.03.10"]
[Round "1.8"]
[White "Rusonik, Max"]
[Black "Zhao, Jifan"]
[Result "1-0"]
[WhiteElo "2173"]
[BlackElo "1685"]
[PlyCount "54"]
[EventDate "2023.03.19"]
[EventType "swiss"]
[EventRounds "5"]
[EventCountry "CAN"]

1. e4 e6 2. d4 d5 3. e5 c5 4. c3 Qb6 5. Nf3 Bd7 6. Bd3 cxd4 7. O-O Bb5 8. Bxb5+
Qxb5 9. Nxd4 Qb6 10. Be3 Bc5 11. b4 Bxd4 12. Bxd4 Qc7 13. Na3 a6 14. c4 Ne7 15.
cxd5 Nxd5 16. Rc1 Qd7 17. Bc5 b5 18. Qg4 g6 19. Nb1 Nc6 20. Rfe1 Nce7 21. Nc3
Nxc3 22. Rxc3 Nd5 23. Rc2 Rc8 24. Qd4 Nb6 25. Qh4 Nd5 26. Qh6 Kd8 27. Qg7 Kc7
1-0

[Event "Excelsior March op"]
[Site "Toronto CAN"]
[Date "2023.03.10"]
[Round "1.9"]
[White "Laughlin, Braden"]
[Black "Gavrilin, Roman"]
[Result "1-0"]
[WhiteElo "1664"]
[BlackElo "2152"]
[PlyCount "91"]
[EventDate "2023.03.19"]
[EventType "swiss"]
[EventRounds "5"]
[EventCountry "CAN"]

1. e4 c5 2. Nf3 d6 3. d4 cxd4 4. Nxd4 Nf6 5. Nc3 a6 6. Rg1 e5 7. Nb3 Be6 8. g4
d5 9. exd5 Nxd5 10. Nxd5 Qxd5 11. Qxd5 Bxd5 12. Be3 Nc6 13. c3 O-O-O 14. Nd2
Be7 15. a4 h6 16. Bc4 Bg5 17. Ke2 Rhe8 18. Bxd5 Rxd5 19. Nc4 Bd8 20. Rgd1 Rxd1
21. Rxd1 Bc7 22. Nd6+ Bxd6 23. Rxd6 Kc7 24. Rd1 Rd8 25. Rxd8 Nxd8 26. Kd3 Kd6
27. Kc4 Kc6 28. a5 f6 29. b4 Nf7 30. Bc5 Ng5 31. h4 Ne4 32. Be3 Nd6+ 33. Kd3
Kd5 34. Bc5 Nc4 35. f3 g6 36. h5 gxh5 37. gxh5 Nd6 38. c4+ Ke6 39. Bxd6 Kxd6
40. f4 Ke6 41. fxe5 Kxe5 42. b5 Kd6 43. Ke4 Kc5 44. bxa6 bxa6 45. Kf5 Kxc4 46.
Kxf6 1-0

[Event "Excelsior March op"]
[Site "Toronto CAN"]
[Date "2023.03.10"]
[Round "1.10"]
[White "Chen, Max"]
[Black "Lakhani, Riyaan"]
[Result "1-0"]
[WhiteElo "2111"]
[BlackElo "1641"]
[PlyCount "47"]
[EventDate "2023.03.19"]
[EventType "swiss"]
[EventRounds "5"]
[EventCountry "CAN"]

1. e4 g6 2. d4 Bg7 3. Nc3 a6 4. a4 d6 5. Nf3 Nd7 6. Bc4 e6 7. Bg5 Ne7 8. Qd2
O-O 9. Bh6 c6 10. h4 d5 11. Bb3 dxe4 12. Nxe4 Bxh6 13. Qxh6 Nf5 14. Qf4 Nxd4
15. Nxd4 e5 16. Qh6 exd4 17. Ng5 Qe7+ 18. Kf1 Nf6 19. h5 Bf5 20. Re1 Qc5 21.
Nxh7 Qd6 22. hxg6 Ng4 23. Nf6+ Qxf6 24. Qh7# 1-0

[Event "Excelsior March op"]
[Site "Toronto CAN"]
[Date "2023.03.10"]
[Round "1.12"]
[White "Campbell, Ryan"]
[Black "Qian, Eric"]
[Result "1-0"]
[WhiteElo "2018"]
[BlackElo "1614"]
[PlyCount "55"]
[EventDate "2023.03.19"]
[EventType "swiss"]
[EventRounds "5"]
[EventCountry "CAN"]

1. e4 c5 2. Nf3 d6 3. d4 cxd4 4. Nxd4 Nf6 5. Nc3 a6 6. h3 e6 7. Be3 Be7 8. Qf3
Qc7 9. a4 b6 10. g4 Bb7 11. g5 Nfd7 12. Qe2 Nc5 13. Bg2 Nc6 14. h4 O-O 15. f4
f5 16. exf5 Nxd4 17. Bxd4 Bxg2 18. Qxg2 exf5 19. Qd5+ Kh8 20. O-O-O Rac8 21. h5
Bd8 22. h6 Rf7 23. g6 Rf6 24. hxg7+ Qxg7 25. Rxh7+ Qxh7 26. gxh7 Kxh7 27. Bxf6
Bxf6 28. Qf7+ 1-0

[Event "Excelsior March op"]
[Site "Toronto CAN"]
[Date "2023.03.10"]
[Round "1.13"]
[White "Cater, Brendan"]
[Black "Bhat, Vaibhav"]
[Result "0-1"]
[WhiteElo "1601"]
[BlackElo "2008"]
[PlyCount "64"]
[EventDate "2023.03.19"]
[EventType "swiss"]
[EventRounds "5"]
[EventCountry "CAN"]

1. e4 c6 2. d4 d5 3. f3 dxe4 4. fxe4 e5 5. Nf3 Bg4 6. Bc4 Nd7 7. O-O Ngf6 8.
Qe2 Bd6 9. c3 b5 10. Bd3 O-O 11. Bg5 Qc7 12. h3 Bh5 13. Nbd2 Rae8 14. g4 Bg6
15. Nh4 Qb6 16. Nf5 Bxf5 17. gxf5 exd4 18. c4 Bb4 19. Qg2 Kh8 20. cxb5 cxb5 21.
Rae1 Ne5 22. Qe2 Nfd7 23. Kh1 Nc5 24. f6 Ncxd3 25. fxg7+ Kxg7 26. Bf6+ Kg8 27.
Rg1+ Ng6 28. Ref1 Re6 29. e5 Ndxe5 30. Ne4 Nd7 31. Qf3 Qc6 32. Rg4 Nxf6 0-1

[Event "Excelsior March op"]
[Site "Toronto CAN"]
[Date "2023.03.10"]
[Round "1.14"]
[White "Wiebe, Isaac"]
[Black "Faizy, Mohammed"]
[Result "1-0"]
[WhiteElo "1994"]
[BlackElo "1589"]
[PlyCount "83"]
[EventDate "2023.03.19"]
[EventType "swiss"]
[EventRounds "5"]
[EventCountry "CAN"]

1. Nf3 Nf6 2. c4 e6 3. g3 d5 4. Bg2 dxc4 5. Qa4+ Nbd7 6. Qxc4 c5 7. O-O a6 8.
d4 b5 9. Qc2 Bb7 10. Rd1 Rc8 11. Qd3 Qb6 12. Be3 c4 13. Qc2 Nd5 14. Bd2 b4 15.
Be1 a5 16. Nbd2 c3 17. Nf1 Be7 18. Rab1 b3 19. axb3 Nb4 20. Qxc3 Rxc3 21. bxc3
Be4 22. cxb4 Bxb1 23. Rxb1 Bxb4 24. Bxb4 Qxb4 25. N1d2 O-O 26. Rc1 Nb6 27. Rc7
Nd5 28. Rc4 Qa3 29. e4 Nc3 30. Bf1 Qa1 31. Kg2 h6 32. Bd3 f5 33. exf5 exf5 34.
Rc5 f4 35. Bc4+ Kh8 36. Ne5 Rb8 37. Ng6+ Kh7 38. Nxf4 Nd1 39. Ne4 Nb2 40. Nf6+
gxf6 41. Rc7+ Kh8 42. Ng6# 1-0

[Event "Excelsior March op"]
[Site "Toronto CAN"]
[Date "2023.03.10"]
[Round "1.15"]
[White "Di Matteo, Alessio"]
[Black "Mao, Fengxi"]
[Result "0-1"]
[WhiteElo "1581"]
[BlackElo "1987"]
[PlyCount "84"]
[EventDate "2023.03.19"]
[EventType "swiss"]
[EventRounds "5"]
[EventCountry "CAN"]

1. d4 Na6 2. e4 Nh6 3. Bxh6 gxh6 4. Be2 Bg7 5. f4 c5 6. Nf3 cxd4 7. e5 Qb6 8.
Qxd4 Qxd4 9. Nxd4 d6 10. Bb5+ Kf8 11. Nf3 Nc7 12. Bd3 Nd5 13. g3 Nb4 14. Nbd2
dxe5 15. fxe5 Nc6 16. Nc4 Bh3 17. Kf2 b5 18. Be4 Rc8 19. Bxc6 Rxc6 20. Rad1 f6
21. Ne3 fxe5 22. g4 Rg6 23. Nh4 Rg5 24. Nf3 Rg6 25. Nh4 Rg5 26. Rhg1 h5 27.
gxh5 Rxh5 28. Kg3 Bc8 29. Rd8+ Kf7 30. Rf1+ Ke6 31. Rxh8 Bxh8 32. Rf8 Bf6 33.
Nf3 Bb7 34. Ng4 Rf5 35. Ne1 Bh4+ 36. Kxh4 Rxf8 37. Nd3 Bd5 38. Ne3 Rc8 39. a3
Be4 40. Ne1 Rg8 41. Ng4 Rf8 42. Ne3 Rf2 0-1